| 000 | 00000nam 2200000zi 4500 |
| 001 | 9.938917 |
| 003 | CaOODSP |
| 005 | 20250401153755 |
| 006 | m o d f |
| 007 | cr |n||||||||| |
| 008 | 240603s2024 pic ob f|0| 0 eng d |
| 020 | |a9780660721903 |
| 040 | |aCaOODSP|beng|erda|cCaOODSP |
| 043 | |an-cn--- |
| 086 | 1 |aV49-22/2024E-PDF |
| 245 | 00|aService after service : |bthe national veterans employment strategy. |
| 264 | 1|a[Charlottetown, Prince Edward Island] : |bVeterans Affairs Canada = Anciens combattants Canada, |c2024. |
| 300 | |a1 online resource (27 pages) |
| 336 | |atext|btxt|2rdacontent |
| 337 | |acomputer|bc|2rdamedia |
| 338 | |aonline resource|bcr|2rdacarrier |
| 500 | |aIssued also in French under title: Servir après le service : la stratégie nationale d'emploi pour les vétérans et les vétéranes. |
| 500 | |aCover title. |
| 504 | |aIncludes bibliographical references. |
| 520 | |a"Using a Veteran-centric approach, the National Veterans Employment Strategy responds to the Government of Canada’s commitment to launch a comprehensive strategy aimed at facilitating rewarding employment opportunities for all Veterans transitioning out of the CAF. Veterans Affairs Canada (VAC) undertook an analysis of existing research and consulted with Veterans and stakeholders. The strategy is designed to address existing gaps and leverage opportunities that may exist for new and improved supports for Veterans. It highlights plans to connect Veterans with employers looking to hire Veterans, and it outlines roles for government, the private sector and non-governmental organizations to promote and increase opportunities for Veterans to find civilian employment"--Executive Summary, page 4. |
| 650 | 0|aVeterans|xEmployment|zCanada. |
| 650 | 0|aVeterans|xServices for|zCanada. |
| 710 | 1 |aCanada. |bVeterans Affairs Canada, |eissuing body. |
| 775 | 08|tServir après le service : |w(CaOODSP)9.938918 |
| 856 | 40|qPDF|s0.97 MB|uhttps://publications.gc.ca/collections/collection_2025/acc-vac/V49-22-2024-eng.pdf |